Ente y ser (Record no. 23913)

MARC details
000 -LEADER
campo de control de longitud fija 00596nam a2200193 i 4500
001 - NÚMERO DE CONTROL
campo de control 23913
003 - IDENTIFICADOR DE NÚMERO DE CONTROL
campo de control ES-MaACL
005 - FECHA Y HORA DE LA ÚLTIMA TRANSACCIÓN
campo de control 20230906152945.0
007 - CAMPO FIJO DE DESCRIPCIÓN FÍSICA--INFORMACIÓN GENERAL
campo de control de longitud fija t|
008 - DATOS DE LONGITUD FIJA--INFORMACIÓN GENERAL
campo de control de longitud fija 021213s1962 sp ||||1| spa d
100 1# - ENTRADA PRINCIPAL--NOMBRE DE PERSONA
Nombre de persona Anquín, Nimio de.
9 (RLIN) 21820
245 10 - MENCIÓN DEL TÍTULO
Título Ente y ser
Resto del título : perspectivas para una filosofía del ser naciente /
Mención de responsabilidad, etc. Nimio de Anquín.
260 ## - PUBLICACIÓN, DISTRIBUCIÓN, ETC.
Lugar de publicación, distribución, etc. Madrid :
Nombre del editor, distribuidor, etc. Gredos,
Fecha de publicación, distribución, etc. [1962]
300 ## - DESCRIPCIÓN FÍSICA
Extensión 219 p. ;
Dimensiones 22 cm.
490 1# - MENCIÓN DE SERIE
Mención de serie Biblioteca hispánica filosófica
830 0# - PUNTO DE ACCESO ADICIONAL DE SERIE-TÍTULO UNIFORME
Título uniforme Biblioteca hispánica filosófica
9 (RLIN) 229059
852 ## - LOCALIZACIÓN
Ubicación ES-MaACL
Número de control de estantería C-22400
Sublocalización o colección R.50819
Holdings
Estatus retirado Estado de pérdida Estado de daño No para préstamo Biblioteca de origen Biblioteca actual Ubicación en estantería Fecha de adquisición Fuente de adquisición Total de préstamos Signatura topográfica completa Código de barras Visto por última vez Precio de reemplazo Tipo de ítem Koha
        Biblioteca del Ateneo de Madrid Biblioteca del Ateneo de Madrid Galería 17/01/2008     C-22400 1024646 23/02/2023 23/02/2023 Libro impreso